| 000 | 02009nam a2200253 i 4500 | ||
|---|---|---|---|
| 003 | EG-ScBUE | ||
| 005 | 20230620105012.0 | ||
| 008 | 100415s2005 le f e 000 0 ara d | ||
| 040 |
_aEG-ScBUE _bara _erda _cEG-ScBUE _dEG-ScBUE |
||
| 082 | 0 | 4 |
_a903 _bأ ب ي _222 |
| 100 | 1 |
_913582 _aأبي فاضل، وهبي، _eمؤلف. |
|
| 245 |
_aموسوعة عالم التاريخ والحضارة / _cوهبي أبي فاضل. |
||
| 250 | _aالطبعة الثانية. | ||
| 264 | 1 |
_aبيروت : _bدار نوبليس، _c2005. |
|
| 300 |
_a10 مجلدات ؛ _c32 سم |
||
| 336 |
_2rdacontent _atext _btxt |
||
| 337 |
_2rdamedia _aunmediated _bn |
||
| 338 |
_2rdacarrier _avolume _bnc |
||
| 505 | _a المجلد الأول. العالم من عصور ما قبل التاريخ حتى القرون الوسطى -- المجلد الثاني. العالم من العهد الروماني حتى عصر النهضة -- المجلد الثالث. أوروبا و العالم من النهضة حتى مؤتمر فيينا (1814- 1815) -- المجلد الرابع. العالم من مؤتمر فيينا حتى الحرب العالمية الأولى -- المجلد الخامس. العالم من الحرب العالمية الأولى حتى الحرب العالمية الثانية -- المجلد السادس. العالم من الحرب العالمية الثانية حتى مرحلة نزع الاستعمار -- المجلد السابع. العالم في النصف من القرن العشرين -- المجلد الثامن. حضارات العالم القديم -- المجلد التاسع. من الحضارة الفينيقية حتى ظهور الديانة المسيحية -- المجلد العاشر. من الديانة المسيحية حتى آخر القرن العشرين. | ||
| 650 | 7 |
_913579 _aالحضارة _vدوائر معارف. _2BUEsh |
|
| 650 | 7 |
_913580 _aالأدب العربي _vدوائر معارف. _2BUEsh |
|
| 655 | _vReading book | ||
| 942 |
_2ddc _cREFERENCE |
||
| 999 |
_c13900 _d13900 |
||